书目信息 |
| 题名: |
中国淡水藻志
|
|
| 作者: | 施之新 主编 ;中国科学院中国孢子植物志编辑委员会 编辑 | |
| 分册: | 第十三卷 红藻门 褐藻门 | |
| 出版信息: | 北京 科学出版社 2006.03 |
|
| 页数: | 19,208页 | |
| 开本: | 26cm | |
| 丛书名: | ||
| 单 册: | ||
| 中图分类: | Q949.2 | |
| 科图分类: | ||
| 主题词: | 藻类--植物志--中国 , 红藻门--植物志--中国 , 褐藻门--植物志--中国 , 藻类 , 植物志 , 红藻门 , 褐藻门 | |
| 电子资源: | ||
| ISBN: | 7-03-015379-0 | |
| 000 | 01581nam0 2200349 45 | |
| 001 | 1130748499 | |
| 005 | 20110310090832.46 | |
| 010 | @a7-03-015379-0@b精装@dCNY75.00 | |
| 100 | @a20110122d2006 emky0chiy0110 ea | |
| 101 | 0 | @achi@aeng@deng@feng |
| 102 | @aCN@b110000 | |
| 105 | @af z 001yy | |
| 106 | @ar | |
| 200 | 1 | @a中国淡水藻志@AZhong Guo Dan Shui Zao Zhi@dFlora slgarum sinicarum aquae dulcis.tomus XIII,Rhodophyta Phaeophyta@h第十三卷@HDi Shi San Juan@i红藻门 褐藻门@IHong Zao Men He Zao Men@f施之新主编@FShi Zhi Xin Zhu Bian@g中国科学院中国孢子植物志编辑委员会编辑@zeng |
| 210 | @a北京@c科学出版社@d2006.03 | |
| 215 | @a19,208页@c图版(99页)@d26cm | |
| 300 | @a中国科学院知识创新工程重大项目 国家自然科学基金重大项目(国家自然科学基金委员会 中国科学院 国家科学技术部资助) | |
| 320 | @a有索引(102-107页) | |
| 330 | @a本书较系统全面地总结了我国淡水红藻和淡水褐藻分类学研究的成果,记述了淡水红藻61个种和9个变种,以及淡水褐藻3个种。并对淡水红藻的细胞结构、形态特征、生殖过程、生态习性等作了较翔实的论述。 | |
| 510 | 1 | @aFlora slgarum sinicarum aquae dulcis.tomus XIII,Rhodophyta Phaeophyta@zeng |
| 606 | 0 | @a藻类@x植物志@y中国 |
| 606 | 0 | @a红藻门@x植物志@y中国 |
| 606 | 0 | @a褐藻门@x植物志@y中国 |
| 606 | 0 | @a藻类 |
| 606 | 0 | @a植物志 |
| 606 | 0 | @a红藻门 |
| 606 | 0 | @a褐藻门 |
| 690 | @aQ949.2@v4 | |
| 701 | 0 | @a施之新@AShi Zhi Xin@4主编 |
| 712 | 02 | @a中国科学院中国孢子植物志编辑委员会@AZhong Guo Ke Xue Yuan Zhong Guo Bao Zi Zhi Wu Zhi Bian Ji Wei Yuan Hui@4编辑 |
| 801 | 0 | @aCN@bTANGWEI@c20110310 |
| 905 | @b0532025-26@dQ949.2@e182:13@f2 | |
| 中国淡水藻志=Flora slgarum sinicarum aquae dulcis.tomus XIII,Rhodophyta Phaeophyta.第十三卷.红藻门 褐藻门/施之新主编/中国科学院中国孢子植物志编辑委员会编辑.-北京:科学出版社,2006.03 |
| 19,208页:图版(99页);26cm |
| 中国科学院知识创新工程重大项目 国家自然科学基金重大项目(国家自然科学基金委员会 中国科学院 国家科学技术部资助) |
| ISBN 7-03-015379-0(精装):CNY75.00 |
| 本书较系统全面地总结了我国淡水红藻和淡水褐藻分类学研究的成果,记述了淡水红藻61个种和9个变种,以及淡水褐藻3个种。并对淡水红藻的细胞结构、形态特征、生殖过程、生态习性等作了较翔实的论述。 |
| ● |
| 相关链接 |
|
|
|
|
正题名:中国淡水藻志
索取号:Q949.2/182:13
 
预约/预借
| 序号 | 登录号 | 条形码 | 馆藏地/架位号 | 状态 | 备注 |
| 1 | 0532025 | 205320259 | 第二样本阅览室/ [索取号:Q949.2/182:13] | 在馆 | |
| 2 | 0532026 | 205320268 | 密集书库-生命科学系/ [索取号:Q949.2/182:13] | 在馆 |